Apuntes de derecho administrativo

Պահպանված է:
Մատենագիտական մանրամասներ
Հիմնական հեղինակ: Villar Palasi, José Luis (Հեղինակ)
Ձևաչափ: Գիրք
Լեզու:իսպաներեն
Հրապարակվել է: Madrid Artigrafía 1977
Խորագրեր:
Ցուցիչներ: Ավելացրեք ցուցիչ
Չկան պիտակներ, Եղեք առաջինը, ով նշում է այս գրառումը!

MARC

LEADER 00000nam a2200000 a 4500
001 UCS0693
003 CL-VaPUC
008 970426e19770000SP |||||||||||||||||spa|d
082 0 4 |a 342.06  |b VIL  |2 21 
100 0 |a Villar Palasi, José Luis  |e author  |9 384487 
245 1 0 |a Apuntes de derecho administrativo 
300 |a 2 v 
942 |c BK 
945 |d 19970426 00:00:00  |a lriquelm 
260 |a Madrid  |b Artigrafía  |c 1977 
650 0 |a Derecho administrativo  |9 254851 
650 0 |a Administración pública   |9 255343 
650 0 |a Historia  |9 255047 
650 7 |a ORGANIZACION ADMINISTRATIVA  |2 CL-VaPUC  |9 257438 
650 7 |a CENTRALIZACION ADMINISTRATIVA  |2 CL-VaPUC  |9 384488 
650 0 |a Descentralización administrativa (administración descentralizada)  |9 255464 
650 0 |a Actos administrativos   |9 256128 
650 0 |a Procedimiento administrativo  |9 256132 
650 0 |a Recursos administrativos  |9 255671 
650 0 |a Contratos administrativos  |9 256130 
650 0 |a Responsabilidad administrativa  |9 256129 
583 |a last modification  |c 19970426 00:00:00  |k Rodrigo Vera 
999 |c 258910  |d 258908 
952 |0 0  |1 0  |4 0  |6 342_060000000000000_VIL_1977  |7 0  |8 A  |9 283304  |a BIBDER  |b BIBDER  |d 2019-11-19  |h v.1  |i 1834576  |o 342.06 VIL 1977  |p 1834576  |r 2023-01-25  |w 2019-11-19  |y BK  |k DER 
952 |0 0  |1 0  |4 0  |6 342_060000000000000_VIL_1977  |7 0  |8 A  |9 283305  |a BIBDER  |b BIBDER  |d 2019-11-19  |h v.2  |i 1834584  |o 342.06 VIL 1977  |p 1834584  |r 2023-01-25  |w 2019-11-19  |y BK  |k DER